000 00859nam a2200217 a 4500
001 59858
003 BD-RjUL
005 20211209080757.0
008 161227s1993 bg ||||| |||| 00| 0 ben d
035 _a(BD-RjUL)59982
040 _aBD-RjUL
_bben
_cBD-RjUL
_dBD-RjUL
041 _aben
082 _223
_a343.093
_bALM 1993
100 _aআলম, মোঃ সাইফুল
_9178101
245 1 0 _aমোটরযান বিষয়ক আইন :
_b[১৯৯।৩ পর্যন্ত সংশোধিত] /
_cমোঃ সাইফুল আলম
260 _aঢাকা :
_bবাংলাদেশ ল বুক সেন্টার,
_c১্৯৯৩
300 _axi, ২০২ পৃ. :
_bচিত্র ;
_c২১ সেমি.
650 _aযানবাহন আইন
_9171326
650 _avehicle laws
_9175744
942 _2ddc
_cBK
999 _c59858
_d59858